000 00689cam a22002173a 4500
001 44049
003 PGUSA
005 20140828084013.0
008 131027s2013||||xxu|||||s|||||000 | eng d
040 _aPGUSA
_beng
042 _adc
100 1 _aLowell, Edward Jackson
245 1 0 _aDie Hessen und die andern deutschen Hilfstruppen im Kriege gross-britanniens gegen Amerika
_h[electronic resource] /
_cEdward Jackson Lowell
260 _bProject Gutenberg,
_c2013
506 _aPublic domain in the USA.
516 _aElectronic text
700 1 _aVerschuer, O.C. Freiherr von
830 0 _aProject Gutenberg
_v44049
856 4 0 _uhttp://www.gutenberg.org/ebooks/44049
942 _cEB
999 _c273300
_d273300